000 00373nam a22001577a 4500
999 _c5055
_d5053
005 20210910141408.0
008 160701b xxu||||| |||| 00| 0 eng d
041 _aeng
082 _b20329
100 _aRamon A & others
_93379
245 _aFundamentals of SQL programming
260 _bTMH
_c2002
300 _a312
650 _aInformation Technology
_9137
942 _cBK